| 000 | 00782nam a2200193 a 4500 | ||
|---|---|---|---|
| 005 | 20240925064649.0 | ||
| 008 | 991125s1977 mx 000 0 spa u | ||
| 035 | _aUPN01000000314 | ||
| 049 | _aCG | ||
| 050 | 4 |
_aHB881 _bE8.38 |
|
| 110 | 1 | _aEstados Unidos. Departamento de Salud, Educación y Seguridad Social. Unidad de Educación para la Salud | |
| 245 | 1 | 0 |
_aAcción para la planificación familiar : _beducación, información, comunicación / _cDepartamento de Salud, Educación y Seguridad Social, Unidad de Educación para la Salud ; tr. René Cárdenas Barrios. |
| 260 |
_aMéxico : _bDiana, _c1977. |
||
| 300 | _a91 p. | ||
| 500 | _aDisponible también en la Colección Medina | ||
| 650 | 7 |
_aPlanificación familiar _2 _91109 |
|
| 650 | 2 |
_aPoblación _91357 |
|
| 905 | _aLibro | ||
| 999 |
_c314 _d314 |
||